000 00954aab a2200205 i 4500
001 768714001
003 CO-MdFUSB
005 20230426153120.0
008 221024s2004 sp ||||| |||| 00| 0 spa d
040 _bpor
_cCO-MdFUSB
_dCO-MdFUSB
041 _aspa
100 1 _aKamp, Albert
_eautor
245 1 0 _aCon causa o sin ella :
_bImágenes de Dios y el hombre en Job 1-3
_c/ Albert Kamp
300 _aNúmero 307 (Septiembre, 2004), Páginas 13 - 22
_c; 23 cm
520 _aEl presente articulo examina los capítulos iniciales del libro de Job y se centra en la manera en que el texto presenta diversas imágenes de Job, Dios y Satán y sus mutuas relaciones, que dan paso a perspectivas subjetivas sobre la realidad y a cosmovisiones divergentes.
630 0 7 _aBiblia.
630 0 7 _aBiblia.
_pJob
_xCrítica, interpretación, etc.
773 0 _tConcilium
_049450
_960409
_gNúmero 307 (Septiembre, 2004), Páginas 13 - 22
_qPáginas 13 - 22
942 _cANA
999 _c61034
_d61034